Nová kvalita tvorby Šperk A. Česlu a tapiséria H. Ivičičovej

Bibliographic Details
Main Author: Moza, Ľ. (Author)
Format: Article
Language:Slovak
Subjects:

MARC

LEADER 00000nab a2200000 a 4500
001 vtls000121973
003 SK-MaSNL
005 20260303032740.0
008 111104c1982 xo 0 slo
015 |a SNBRB19rr/mm-uuuuu 
035 |a CL0132078 
040 |a SNKBUCL  |b slo  |c SNKBUCL  |e AACR2 
041 0 |a slo 
044 |a xo  |c SK 
080 |a 730  |2 1981 
080 |a 75  |2 1981 
100 1 |a Moza, Ľ.  |4 aut  |9 943153 
245 1 0 |a Nová kvalita tvorby  |b Šperk A. Česlu a tapiséria H. Ivičičovej  |c Ľ. Moza 
600 1 7 |a Česla, Alexander  |d 1944-  |x výstavy  |x 1982  |2 snkbucl  |9 1015734 
600 1 7 |a Ivičičová, Helena  |d 1952-  |x výstavy  |x 1982  |2 snkbucl  |9 1015735 
655 7 |a články z novín a časopisov  |2 snkbucl  |9 267496 
773 0 |t Práca  |g Roč. 37, č. 184 (5. 8. 1982), s. 6 
850 |a Slovenská národná knižnica v Martine  |a MTA001 
852 |a SNK  |b KIS3GCP 
958 |a RK 
992 |a RBX 
999 |c 1666536  |d 1668466